000 00309nam a2200121Ia 4500
008 220216s9999 xx 000 0 und d
100 _aSangtani S B
245 0 _aIntroduction to practical rubber compounding
260 _bRubber India
_c1997
300 _a41-46
650 _aRubber compounding
942 _cJS
999 _c61606
_d61606